| 000 | 00644nam a2200217Ia 4500 | ||
|---|---|---|---|
| 008 | 180523s9999 xx 000 0 und d | ||
| 020 | _a0-7852-6313-6 | ||
| 050 | _aMAIN HD 66 | ||
| 050 | _b.M39 2002 | ||
| 100 | _aMaxwell, John C. | ||
| 245 | 4 | _aThe 17 essential qualities of a team player : | |
| 245 | 0 | _bbecoming the kind of person every team wants / | |
| 245 | 0 | _cJohn C. Maxwell. | |
| 260 | _aNashville : | ||
| 260 | _bThomas Nelson Publishers, | ||
| 260 | _c2002 | ||
| 300 | _a156 pages : | ||
| 300 | _c18 cm. | ||
| 500 | _aIncludes bibliographical references. | ||
| 650 | _aTeams in the workplace -- Psychological aspects. | ||
| 999 |
_c356957 _d356957 |
||